Yoga and recreation (Record no. 6546)

MARC details
000 -LEADER
fixed length control field 00443nam a2200169Ia 4500
008 - FIXED-LENGTH DATA ELEMENTS--GENERAL INFORMATION
fixed length control field 230917s9999||||xx |||||||||||||| ||und||
020 ## - ISBN
Price RS 995.00
040 ## - CATALOGING SOURCE
-- 5016071
Original cataloging agency VIVEKANANDA LIBRARY
041 ## - Language
-- English
082 ## - DDC NUMBER
Classification number 613.7046 B469Y
100 ## - MAIN ENTRY--PERSONAL NAME
Personal name Bhatia, Vinay
245 #0 - TITLE STATEMENT
Title Yoga and recreation
260 ## - PUBLICATION, DISTRIBUTION, ETC. (IMPRINT)
Place of publication, distribution, etc New Delhi
Name of publisher, distributor, etc Friends Publications
Date of publication, distribution, etc 2017
300 ## - PHYSICAL DESCRIPTION
Pages 252 p.
500 ## - GENERAL NOTE
General note 4686 06/12/2022 FP23/185 03/01/2023 Main Budget
942 ## - ADDED ENTRY ELEMENTS (KOHA)
Koha item type Books
Holdings
Withdrawn status Lost status Damaged status Not for loan Location (home branch) Sublocation or collection (holding branch) Date acquired Koha issues (times borrowed) Koha full call number Accession No. Koha date last seen Koha item type
        VIVEKANANDA LIBRARY VIVEKANANDA LIBRARY 25/02/2023   613.7046 B469Y 402279 17/09/2023 Books
© Designed and Maintained by Vivekananda Library, MDU Rohtak